[Event "Bahn-chS 60"]
[Site "Bad Wildungen"]
[Date "2000.09.29"]
[Round "6"]
[White "Svrcina, Richard"]
[Black "Gunkelmann, Friedrich"]
[Result "1/2-1/2"]
[WhiteElo "1727"]
[BlackElo "1631"]
[PlyCount "63"]
[EventDate "2000.09.24"]
[EventType "swiss"]
[EventRounds "7"]
[EventCountry "GER"]
[SourceTitle "EXT 2003"]
[Source "ChessBase"]
[SourceDate "2002.11.25"]
[SourceVersion "1"]
[SourceVersionDate "2002.11.25"]
[SourceQuality "1"]

1. e4 e6 2. d4 d5 3. Nd2 Ne7 4. Ngf3 Ng6 5. e5 c5 6. c3 Nc6 7. Bb5 Bd7 8. 0-0 Ncxe5 9. Nxe5 Bxb5 10. Nxg6 hxg6 11. Re1 cxd4 12. cxd4 Qh4 13. Nf3 Qh5 14. a4 Bd7 15. Re5 f5 16. h3 Be7 17. Qe2 Kf7 18. Qe3 Bf6 19. Ng5+ Bxg5 20. Qxg5 Qxg5 21. Bxg5 Rac8 22. Bd2 Rc2 23. Bc3 Rh4 24. f3 g5 25. a5 a6 26. Rae1 g4 27. fxg4 fxg4 28. Rf1+ Kg8 29. Rf4 Rc1+ 30. Re1 Rxe1+ 31. Bxe1 Rh5 32. hxg4 1/2-1/2

[Event "Bahn-chS 60"]
[Site "Bad Wildungen"]
[Date "2000.09.27"]
[Round "4"]
[White "Gunkelmann, Friedrich"]
[Black "Mueller, Roland2222"]
[Result "0-1"]
[WhiteElo "1631"]
[BlackElo "1677"]
[PlyCount "106"]
[EventDate "2000.09.24"]
[EventType "swiss"]
[EventRounds "7"]
[EventCountry "GER"]
[SourceTitle "EXT 2003"]
[Source "ChessBase"]
[SourceDate "2002.11.25"]
[SourceVersion "1"]
[SourceVersionDate "2002.11.25"]
[SourceQuality "1"]

1. e4 g6 2. Nf3 Bg7 3. d4 d6 4. c3 Nf6 5. Bd3 0-0 6. 0-0 b6 7. Bg5 Nfd7 8. Qd2 Ba6 9. c4 Nc6 10. Be3 e5 11. d5 Ne7 12. Bh6 f5 13. Bxg7 Kxg7 14. b3 f4 15. Ng5 Nc5 16. b4 h6 17. Nf3 Nd7 18. Nc3 g5 19. h3 Ng6 20. Qe2 Nf6 21. Rac1 Bc8 22. c5 g4 23. hxg4 Bxg4 24. cxd6 cxd6 25. Nb5 Rf7 26. Rc6 Rd7 27. Rfc1 Ne8 28. Kf1 Nh4 29. Bb1 Kh8 30. R1c3 Rg7 31. Qc2 Nxf3 32. gxf3 Bd7 33. Rd3 Bh3+ 34. Ke2 Rg1 35. Rd1 Rxd1 36. Qxd1 Bd7 37. Nxd6 Nxd6 38. Rxd6 Bb5+ 39. Bd3 Bxd3+ 40. Qxd3 Qxd6 41. Qc4 h5 42. Qc6 Qxc6 43. dxc6 b5 44. Kd3 h4 45. a4 a6 46. axb5 axb5 47. Ke2 Rc8 48. Kf1 Rxc6 49. Kg2 Rc4 50. Kh3 Kg7 51. Kxh4 Rxb4 52. Kh3 Rb1 53. Kg2 b4 0-1

[Event "Bahn-chS 60"]
[Site "Bad Wildungen"]
[Date "2000.09.26"]
[Round "3"]
[White "Hirz, Friedrich"]
[Black "Gunkelmann, Friedrich"]
[Result "1/2-1/2"]
[WhiteElo "1750"]
[BlackElo "1631"]
[PlyCount "86"]
[EventDate "2000.09.24"]
[EventType "swiss"]
[EventRounds "7"]
[EventCountry "GER"]
[SourceTitle "EXT 2003"]
[Source "ChessBase"]
[SourceDate "2002.11.25"]
[SourceVersion "1"]
[SourceVersionDate "2002.11.25"]
[SourceQuality "1"]

1. e4 e6 2. d4 d5 3. exd5 exd5 4. Bd3 Be7 5. Ne2 Bg4 6. f3 Bh5 7. 0-0 Bg6 8. Nf4 Bxd3 9. Qxd3 c6 10. Nh5 Kf8 11. Nc3 Nd7 12. f4 Ngf6 13. Ng3 g6 14. f5 Kg7 15. Bg5 Re8 16. Rae1 h6 17. Bxf6+ Bxf6 18. Nce2 g5 19. Nh5+ Kg8 20. c3 Qb6 21. Qd2 c5 22. Nxf6+ Nxf6 23. h4 cxd4 24. Nxd4 Rxe1 25. Rxe1 Ne4 26. Qc1 Qf6 27. hxg5 hxg5 28. Qe3 Re8 29. g4 Kg7 30. Nf3 Nd6 31. Qxa7 Rxe1+ 32. Nxe1 Qe7 33. Nf3 Nb5 34. Qb6 Qe2 35. Qf2 Qe7 36. a4 Nc7 37. Qd4+ f6 38. Nxg5 Qe1+ 39. Kg2 Qe2+ 40. Kg3 Qe1+ 41. Kg2 Qe2+ 42. Kh3 Qf1+ 43. Kh4 Qe1+ 1/2-1/2

[Event "Gemuend op Seniors1"]
[Site "Gemuend"]
[Date "1999.10.30"]
[Round "7"]
[White "Feiertag, Anton"]
[Black "Gunkelmann, Friedrich"]
[Result "1/2-1/2"]
[WhiteElo "1669"]
[BlackElo "1650"]
[PlyCount "33"]
[EventDate "1999.10.24"]
[EventType "swiss"]
[EventRounds "7"]
[EventCountry "GER"]
[SourceTitle "EXT 2003"]
[Source "ChessBase"]
[SourceDate "2002.11.25"]
[SourceVersion "1"]
[SourceVersionDate "2002.11.25"]
[SourceQuality "1"]

1. e4 e6 2. Nc3 d5 3. exd5 exd5 4. Nf3 Be7 5. Be2 Nf6 6. d4 Nbd7 7. 0-0 0-0 8. Re1 Re8 9. h3 c6 10. Bf4 Nf8 11. Bf1 Bf5 12. Bd3 Qc8 13. Qd2 Bxd3 14. Qxd3 Bb4 15. a3 Bxc3 16. Qxc3 Qf5 17. Bh2 1/2-1/2

[Event "Gemuend op Seniors1"]
[Site "Gemuend"]
[Date "1999.10.28"]
[Round "6"]
[White "Gunkelmann, Friedrich"]
[Black "Schmidt, Wilhelm"]
[Result "1-0"]
[WhiteElo "1650"]
[BlackElo "1577"]
[PlyCount "67"]
[EventDate "1999.10.24"]
[EventType "swiss"]
[EventRounds "7"]
[EventCountry "GER"]
[SourceTitle "EXT 2003"]
[Source "ChessBase"]
[SourceDate "2002.11.25"]
[SourceVersion "1"]
[SourceVersionDate "2002.11.25"]
[SourceQuality "1"]

1. e4 d6 2. d4 Nf6 3. Nc3 c6 4. Bd3 Nbd7 5. Nf3 g6 6. 0-0 Bg7 7. Bg5 0-0 8. Qd2 Qc7 9. Bh6 e5 10. Bxg7 Kxg7 11. Ne2 Re8 12. Ng3 Nf8 13. h3 Ne6 14. dxe5 dxe5 15. Qc3 Nf4 16. Kh2 Qe7 17. Rfe1 Nd7 18. Bf1 f6 19. Rab1 Nb6 20. b3 Be6 21. Rbd1 Rad8 22. a4 Rd7 23. Qa5 Nc8 24. Rxd7 Qxd7 25. Nxe5 Qd6 26. Nc4 Bxc4 27. Bxc4 b6 28. Qc3 Rd8 29. e5 Qd4 30. exf6+ Qxf6 31. Qf3 Ne7 32. Nf1 Qd6 33. g3 Nh5 34. Qf7+ 1-0

[Event "Gemuend op Seniors1"]
[Site "Gemuend"]
[Date "1999.10.25"]
[Round "2"]
[White "Gunkelmann, Friedrich"]
[Black "Krause, Rudolf"]
[Result "0-1"]
[WhiteElo "1650"]
[BlackElo "1710"]
[PlyCount "98"]
[EventDate "1999.10.24"]
[EventType "swiss"]
[EventRounds "7"]
[EventCountry "GER"]
[SourceTitle "EXT 2003"]
[Source "ChessBase"]
[SourceDate "2002.11.25"]
[SourceVersion "1"]
[SourceVersionDate "2002.11.25"]
[SourceQuality "1"]

1. e4 c5 2. Nf3 Nc6 3. d4 cxd4 4. Nxd4 e5 5. Nf3 Nf6 6. Bg5 Be7 7. Nc3 a6 8. Qd2 d6 9. Bxf6 Bxf6 10. Rd1 Be6 11. Qxd6 Qa5 12. Qa3 Qxa3 13. bxa3 0-0 14. Nd5 Bd8 15. Bd3 Ba5+ 16. Ke2 Rfe8 17. Nd2 Nd4+ 18. Kf1 Rac8 19. Nb3 Bc3 20. Nxd4 exd4 21. Rb1 h6 22. Rxb7 Bxd5 23. Rb1 Bxa2 24. Rb6 a5 25. f3 Bc4 26. Ke2 f5 27. Bxc4+ Rxc4 28. Kd3 Rc5 29. Rhb1 fxe4+ 30. fxe4 Rce5 31. Rg6 Rxe4 32. Rb7 R4e7 33. Rb5 Rc8 34. Rg3 Kh7 35. h3 Rce8 36. Rg4 Re3+ 37. Kc4 R3e5 38. Rb7 R8e7 39. Rb6 R5e6 40. Rb5 Re5 41. a4 Rc7+ 42. Kb3 Rxb5+ 43. axb5 Rc5 44. Rxd4 Bxd4 45. Ka4 Bc3 46. b6 Rc8 47. Kb5 Rb8 48. Kc5 a4 49. Kc4 Rxb6 0-1

[Event "Gemuend op Seniors1"]
[Site "Gemuend"]
[Date "1999.10.25"]
[Round "3"]
[White "Napierski, Reinhold"]
[Black "Gunkelmann, Friedrich"]
[Result "0-1"]
[WhiteElo "1418"]
[BlackElo "1650"]
[PlyCount "94"]
[EventDate "1999.10.24"]
[EventType "swiss"]
[EventRounds "7"]
[EventCountry "GER"]
[SourceTitle "EXT 2003"]
[Source "ChessBase"]
[SourceDate "2002.11.25"]
[SourceVersion "1"]
[SourceVersionDate "2002.11.25"]
[SourceQuality "1"]

1. e4 e6 2. d4 d5 3. e5 Ne7 4. Nf3 Ng6 5. Nc3 c5 6. Bb5+ Bd7 7. 0-0 a6 8. Bxd7+ Nxd7 9. dxc5 Bxc5 10. Na4 Be7 11. Re1 Qc7 12. Qd4 Qxc2 13. Qd1 Qxd1 14. Rxd1 b5 15. Nc3 Ndxe5 16. Nxe5 Nxe5 17. a3 0-0 18. Kh1 Bf6 19. Rb1 Ng4 20. Rf1 Rfc8 21. Bd2 h6 22. f3 Ne5 23. Ne2 Nc4 24. Bc1 d4 25. b3 Nd6 26. Nf4 Bg5 27. Nd3 Bxc1 28. Rfxc1 Rc3 29. Rxc3 dxc3 30. Rc1 Rc8 31. Kg1 Nf5 32. Kf2 f6 33. b4 Rc4 34. Nc5 c2 35. Nxa6 Nd4 36. Nc5 e5 37. Ke1 Rc3 38. Ne4 Rxa3 39. Nd2 Re3+ 40. Kf1 Ra3 41. Kf2 Ra4 42. Nb3 Nxb3 43. Rxc2 Nd4 44. Rb2 Nc6 45. Kg3 Rxb4 46. Rc2 Rc4 47. Re2 b4 0-1

[Event "Gemuend op Seniors1"]
[Site "Gemuend"]
[Date "1999.10.24"]
[Round "1"]
[White "Roenn, Ruth"]
[Black "Gunkelmann, Friedrich"]
[Result "0-1"]
[WhiteElo "1117"]
[BlackElo "1650"]
[PlyCount "108"]
[EventDate "1999.10.24"]
[EventType "swiss"]
[EventRounds "7"]
[EventCountry "GER"]
[SourceTitle "EXT 2003"]
[Source "ChessBase"]
[SourceDate "2002.11.25"]
[SourceVersion "1"]
[SourceVersionDate "2002.11.25"]
[SourceQuality "1"]

1. e4 e6 2. Nf3 d5 3. e5 Ne7 4. d4 Ng6 5. Bd3 Be7 6. Bxg6 hxg6 7. 0-0 Nd7 8. c3 Nf8 9. Be3 g5 10. Kh1 Ng6 11. Ng1 Bd7 12. Qg4 Rh4 13. Qg3 g4 14. f3 Bg5 15. fxg4 Bxe3 16. Qxe3 Rxg4 17. h3 Qg5 18. Qxg5 Rxg5 19. Nd2 Bb5 20. Rf2 Ke7 21. b3 Rh8 22. c4 dxc4 23. bxc4 Bc6 24. Ngf3 Rgh5 25. Kh2 Nh4 26. Nxh4 Rxh4 27. Nf3 Bxf3 28. Rxf3 Rxd4 29. Rc1 Re4 30. Rcf1 Rf8 31. Rb3 b6 32. Rc3 Rxe5 33. Rfc1 Rc5 34. a4 Rd8 35. Rg3 g6 36. Rg4 Rd3 37. Rb1 a5 38. Rb5 Rxb5 39. cxb5 Rb3 40. h4 Rb4 41. Kh3 Rxg4 42. Kxg4 e5 43. Kf3 Ke6 44. g4 f5 45. h5 fxg4+ 46. Kxg4 gxh5+ 47. Kxh5 Kd5 48. Kg4 Kd4 49. Kf3 Kd3 50. Kf2 Kd4 51. Ke2 Ke4 52. Ke1 Kf3 53. Kd1 Kf2 54. Kd2 e4 0-1